Ημερολόγιο εργασιών του βιοκαλλιεργητή : ένα ημερολόγιο σποράς και εργασιών

Αποθηκεύτηκε σε:
Λεπτομέρειες βιβλιογραφικής εγγραφής
Κύριος συγγραφέας: Eichenberger, Rosmarie
Άλλοι συγγραφείς: Henggeler, Silvia, Άλκιμος, Αναστάσιος (Μεταφραστής), Ψύχαλου, Μαριάννα (edtf)
Μορφή: Βιβλίο
Γλώσσα:Greek
German
Δημοσίευση: Αθήνα : Ψύχαλος, c2001.
Θέματα:
Ετικέτες: Προσθήκη ετικέτας
Δεν υπάρχουν, Καταχωρήστε ετικέτα πρώτοι!

MARC

LEADER 00000cam a2200000 i 4500
001 1/52841
008 070828s2001 gr | ||| |||| ||gre||
020 |a 9607920740 
035 |l 10090115 
040 |a GR-MyUA  |b gre  |e AACR2 
041 1 |a gre  |h ger 
082 0 |a 631.584  |2 (22) 
100 1 |a Eichenberger, Rosmarie. 
245 1 0 |a Ημερολόγιο εργασιών του βιοκαλλιεργητή :   |b ένα ημερολόγιο σποράς και εργασιών /   |c Rosmarie Eichenberger, Silvia Henggeler ; μετάφραση από τη γερμανική Αναστάσιος Άλκιμος ; επιστημονική επιμέλεια Ψύχαλου Μαριάννα.  
260 |a Αθήνα :   |b Ψύχαλος,   |c c2001.  
300 |a [111] σ. :   |b έγχρ. εικ. ;   |c 20 εκ.  
500 |a Μετάφραση από τα γερμανικά 
500 |a Τίτλος πρωτοτύπου: Das jahr im biologischen gartenbau.  
650 0 0 |a Organic farming. 
700 1 |a Henggeler, Silvia. 
700 1 |a Άλκιμος, Αναστάσιος,  |e trl 
700 1 |a Ψύχαλου, Μαριάννα,  |e edtf 
852 |a INST  |b LESVOS  |e 20070828  |h 631.584 EIC  |p 005100039186  |q 005100039186  |t BK  |y 0 
901 |a BIBL1-2007-2 
909 |a Λ  |b 136494 
922 |a 1ΕΛΗ  |b 200707  |c ΕΠΕΑΕΚ2/ΤΠ  |d Σ. ΠΑΤΑΚΗΣ 
970 |a ΒΑΡΚΑ  |b ΕΛΕΥΘΕΡΙΑ  |z 2007/08/28